| 000 | 00396cam a2200157ua 4500 | ||
|---|---|---|---|
| 041 |
_aeng _h |
||
| 082 |
_a330.1 _bBOU/EC |
||
| 100 | _aBoulding, Kenneth E. | ||
| 245 |
_aEconomic analysis / _cKenneth E Boulding. _hTextual Documents |
||
| 250 |
_a3 / _b. |
||
| 260 |
_aNew York : _bHarper and Row Publishers , _c1955. |
||
| 300 | _a905 ; . | ||
| 504 | _a | ||
| 942 | _cBK | ||
| 999 |
_c3297 _d3297 |
||